000 01299nam a2200301 c 4500
999 _c188319
_d188319
003 BLK
005 20221202084848.0
008 180411b bul|||||r ||||||| ||bul||
010 _aKNG00197337000
040 _aBLK
041 _aBUL
_cBUL
080 _aТурска литература
_b821.512.161
_x-32
_z821.512.161-32
139 _aТурски морски новели
_bТ 93
245 1 0 _aТурски морски новели
_bСборник
_cсъстав. Ибрахим Тосун Татарлъ ; прев. от тур. Стефка Христова Първанова.
257 _aTUR
260 _bГеорги Бакалов
_c1980
_aВарна
300 _a307 с.
_c21 см
380 _aX
490 _aПоредица Световни морски новели
_vкн. 17
_9205247
500 _aСъдържа и кратки биогр. данни за поместените в сб. авт. - 25 120 тир.
700 1 _aТатарлъ, Ибрахим Тосун
_eсъстав.
_9371872
700 1 _aПърванова, Стефка Христова
_eпрев. от тур.
_9384598
852 _aЦб 101988
856 4 _qpdf
_i0.00
_ldisable
856 4 _qpdf
_i0.00
_ldisable
942 _cKNG
_n0
_01
_s1
944 _aCR
_c02.12.2016
_kСевдалина_Василева
944 _aED
_c2022-12-02
_kГГГ